00563 a2200157 4500003000500000005001700005010001300022040000900035082001200044100002400056245005200080260003300132300001100165505021600176650001300392NUST20221117165541.0 a70100881 cNust a515,RIC aRichmond, Donald E. aCalculus:ba short course /cDonald E. Richmond aLondonbAddison Wesleyc1970 a340p . aFunctions and Graphs (Page-1), Derivatives (Page-32), The Area Under a Curve (Page-94), Exponential s and Logarithms (Page-125), Complex Numbers and Trigonometry (Page-157), Appendix on Real Numbers (Page-209).  aCalculus